00935nas a2200277 4500001001300000003000900013005001700022007000300039008003400042040005400076041000900130072001300139100001800152100001500170100001900185100002100204100002000225245010800245650002300353650002700376650001900403650003500422650003000457773010500487856006500592BR2019000195BR-BrBNA20231205131544.0ta230509b bl.|||p| |||| 00| 00por d aBR-BrBNAbporcBiblioteca Nacional de Agricultura a(En) aQ04; F011 aSilva, D.M.N.1 aLima, R.R.1 aOliveira, F.L.1 aTeixeira, L.J.Q.1 aMachado, L.C.A.1 aPhysical and chemical characterization of yacon tuberous roots at different altitudes and planting time aÉPOCA DE PLANTIO aCONDIÇÃO AMBIENTAL aPÓS-COLHEITA aPROPRIEDADE FÍSICO-QUÍMICA aANÁLISE ORGANOLÉPTICA0 tHorticultura Brasileira (Brazil)xISSN 1806-9991 g(Apr-Jun 2018), v. 36(2) p. 199-204wBR201900019540uhttp://www.scielo.br/pdf/hb/v36n2/1806-9991-hb-36-02-199.pdf